Jilin Province Quiz - Statistics

General Stats
  • This quiz has been taken 47 times
    44 since last reset
  • The average score is 8 of 12
Answer Stats
Hint Answer % Correct
Capital city Chang{chun}
100%
Former capital (hint: very obvious) {Jilin} City
94%
Major Russian port city that is ca. 50 km away Vladivostok
82%
Major Chinese ethnic group that only became predominant in the 1900s {Han} Chinese
79%
Foreign empire that set up mentioned puppet state Japan
79%
Jilin was part of this puppet state 1932-45 Manchukuo
76%
Thanks to its auto industry, the capital is often compared to this US city Detroit
73%
Paektu/Changbai has a large crater lake and borders Korea, where it is revered in myths. What is it? A mountain
52%
Tens of thousands starved during a 1948 siege. Name either of the belligerents Communists | Nationalists
52%
This last emperor of China ruled mentioned puppet city from Jilin Puyi
52%
This root is used in traditional medicine and sometimes has a human shape Ginseng
27%
2019 American movie starring Awkwafina that is set in Jilin The Farewell
15%
No matching quizzes found
Score Distribution
Percent of People with Each Score
Percentile by Number Answered
Your Score History
You have not taken this quiz since the last reset